00557nam a22001697a 450000500170000001000150001702000260003203500140005803700150007208200110008710000270009824500780012526000450020327000670024830000260031550000460034120180730142028.0 aENG-123615 c795.00a9780199482184 aEN-107147 bDBAD/PUB.  a327.54 aAbhyankar, Rajendra M. aIndian diplomacy :cby Rajendra M. Abhyankarbbeyond strategic autonomy / aNew DelhibOxford University Pressc2018 a2/11, Ground Floor, Ansari Road, Daryaganj,bNew Delhie110002 axxxiv,421p.c22cm(Hb) aIt includes select bibliography and index